LEADER 01702nam0 22004213i 450 001 VAN00284030 005 20250303070924.15 017 70$2N$a9789811953637 100 $a20241213d2022 |0itac50 ba 101 $aeng 102 $aSG 105 $a|||| ||||| 181 $ai$b e 182 $ab 200 1 $aConductive Polymers and Their Composites$fYanmin Wang, Wei Feng 210 $aSingapore$cSpringer$d2022 215 $ax, 347 p.$cill.$d24 cm 606 $a00A79 (77-XX)$xPhysics [MSC 2020]$3VANC023182$2MF 606 $a82D60$xStatistical mechanical studies of polymers [MSC 2020]$3VANC023277$2MF 606 $a92Exx$xChemistry [MSC 2020]$3VANC025596$2MF 610 $aBiological Application$9KW:K 610 $aConductive Polymer Composites$9KW:K 610 $aConductive Polymers$9KW:K 610 $aConductive Polymers for Sensors$9KW:K 610 $aElectronic devices$9KW:K 610 $aEnergy technology$9KW:K 620 $aSG$dSingapore$3VANL000061 700 1$aWang$bYanmin$3VANV237780$01263216 701 1$aFeng$bWei$3VANV237781$0877835 712 $aSpringer $3VANV108073$4650 801 $aIT$bSOL$c20250307$gRICA 856 4 $uhttps://doi.org/10.1007/978-981-19-5363-7$zE-book ? Accesso al full-text attraverso riconoscimento IP di Ateneo, proxy e/o Shibboleth 899 $aBIBLIOTECA DEL DIPARTIMENTO DI MATEMATICA E FISICA$1IT-CE0120$2VAN08 912 $fN 912 $aVAN00284030 950 $aBIBLIOTECA DEL DIPARTIMENTO DI MATEMATICA E FISICA$d08DLOAD e-Book 10139 $e08eMF10139 20241220 996 $aConductive Polymers and Their Composites$94300539 997 $aUNICAMPANIA